000 00395nam a2200169Ia 4500
003 GCL
008 140319s9999 xx 000 0 ara d
040 _aGCL /
_cGCL
082 0 4 _a204
_bق ح
245 1 0 _aحادى الارواح
260 _a[S.N] :
_bمكتبة الدعوة
300 _a292 ص
490 _a
650 0 4 _aالاسلام
650 0 4 _aالارواح
942 _2ddc
_cBK
999 _c56021
_d56021